| 000 -LEADER |
| fixed length control field |
00323nam a22001697a 4500 |
| 005 - DATE AND TIME OF LATEST TRANSACTION |
| control field |
20260317102222.0 |
| 008 - FIXED-LENGTH DATA ELEMENTS--GENERAL INFORMATION |
| fixed length control field |
260317b ||||| |||| 00| 0 eng d |
| 082 ## - DEWEY DECIMAL CLASSIFICATION NUMBER |
| Edition number |
1 |
| 245 ## - TITLE STATEMENT |
| Title |
The Lion King |
| 264 #1 - PRODUCTION, PUBLICATION, DISTRIBUTION, MANUFACTURE, AND COPYRIGHT NOTICE |
| Materials specified |
1 |
| 336 ## - CONTENT TYPE |
| Source |
1 |
| 337 ## - MEDIA TYPE |
| Source |
1 |
| 338 ## - CARRIER TYPE |
| Source |
1 |
| 526 ## - STUDY PROGRAM INFORMATION NOTE |
| Classification |
000-099 General References or Works |
| 655 ## - INDEX TERM--GENRE/FORM |
| Source of term |
1 |
| 942 ## - ADDED ENTRY ELEMENTS |
| Source of classification or shelving scheme |
|
| Item type |
PERIODICALS BOOK |
| Koha issues (borrowed), all copies |
2 |